A violin before the open window an anthology with poems of the Ján Smrek Prize contest participants
| Main Author: | |
|---|---|
| Format: | Book |
| Language: | English German Slovak |
| PhysicalDescription: | 75 s. 21 cm |
| Published: |
Bratislava
Grafiq Studio
1998
|
| ISBN: | 8088934087 |
| Subjects: |
MARC
| LEADER | 00000cam a2200000 a 4500 | ||
|---|---|---|---|
| 001 | vtls001345134 | ||
| 003 | SK-MaSNL | ||
| 005 | 20260301200714.0 | ||
| 008 | 240709s1998 xo c gr 000 pdeng | ||
| 015 | |a SNBA1999/02-00519 | ||
| 020 | |a 8088934087 | ||
| 035 | |a SNK000298348 | ||
| 035 | |a urn:nbn:sk:snk-amk2l8 | ||
| 035 | |a urn:nbn:sk:snk-am005efu | ||
| 035 | |a 2A333107-3726-441C-9BDA-5E44241D42C1 | ||
| 040 | |a SNK |b slo |c SNK |e AACR2 | ||
| 041 | 1 | |a eng |a ger |h slo | |
| 044 | |a xo |c SK | ||
| 072 | 7 | |a 821 |x Literatúry v rôznych jazykoch |2 konspekt | |
| 080 | |a 821(100)-1 |2 2001 | ||
| 080 | |a (082) |2 2011 | ||
| 245 | 0 | 2 | |a A violin before the open window |b an anthology with poems of the Ján Smrek Prize contest participants |c [selected from the entries and edited by Milan Richter] |
| 260 | |a Bratislava |b Grafiq Studio |c 1998 | ||
| 300 | |a 75 s. |c 21 cm | ||
| 500 | |a Vyd. pri prílež. 18. svetového kongresu básnikov | ||
| 546 | |a Čiastočný text nemecky | ||
| 650 | 0 | 7 | |a svetová poézia |2 SNKPH |9 58416 |
| 655 | 7 | |a zborníky |2 SNKPH |9 70165 | |
| 700 | 1 | |a Richter, Milan, |d 1948- |4 aui |4 adp |9 92608 | |
| 852 | |a Slovenská národná knižnica | ||
| 919 | |a 80-88934-08-7 | ||
| 954 | |a beletria cudzojazyčná (svetová) |2 lita | ||
| 958 | |a OND | ||
| 958 | |a UP | ||
| 958 | |a LX | ||
| 968 | |b SLO | ||
| 999 | |c 891732 |d 893662 | ||
| 952 | |t P60, <03>, [BOOK], {603} |a SNK |b SNK |y PREZ |7 0 |p 17A0165077 |o snkSC 96960 |i snkKSP 9702/98 |0 0 |1 0 |4 0 |d 1998-10-20 |f 1 |l 0 |r 2025-09-16 00:00:00 |w 2026-02-24 | ||
| 952 | |t P60, <04>, [BOOK], {604} |a SNK |b SNK |y VYP |7 0 |p 17A0165078 |o snkSC 96960 D1 |i snkKSP 9703/98 |0 0 |1 0 |4 0 |d 1998-10-20 |l 0 |r 2005-01-02 00:00:00 |w 2026-02-24 | ||


